Largest Suburbs of Fayetteville, NC - Statistics

General Stats
  • This quiz has been taken 6 times
  • The average score is 8 of 15
Answer Stats
Suburb Population County % Correct
Hope Mills 17,808 Cumberland
75%
Laurinburg 14,978 Scotland
75%
Lumberton 19,025 Robeson
75%
Pinehurst 17,581 Moore
75%
Southern Pines 15,545 Moore
75%
Aberdeen 8,516 Moore
50%
Anderson Creek 13,636 Harnett/Wake
50%
Angier 5,265 Harnett
50%
Dunn 8,446 Harnett
50%
Hamlet 6,042 Richmond
50%
Rockingham 9,243 Richmond
50%
Spring Lake 11,660 Cumberland
50%
Erwin 5,270 Harnett
25%
Spout Springs 11,040 Harnett
0%
Whispering Pines 4,987 Moore
0%
No matching quizzes found
Score Distribution
Percent of People with Each Score
Percentile by Number Answered
Your Score History
You have not taken this quiz